000 00612nam a2200241Ia 4500
003 OSt
005 20220918185226.0
006 a|||||r|||| 00| 0
007 ta
008 220917b |||||||| |||| 00| 0 eng d
024 _a50,208
037 _cTextual
040 _aARTS
_cARTS
_beng
041 _2eng
_aeng
082 _aP111vN9, N6
100 _aBlake N F
245 0 _aHistory of the English language
260 _aLondon
_bMacmillan Press
_c1996
300 _axv,382p.
_ccm.
650 _aLINGUISTICS
942 _hP111vN9, N6
_cTEXL
_2CC
999 _c179805
_d179805